000 00614nam a22001457a 4500
020 _a978-9-351-03339-4
082 _a823
_bTHE/M
100 _aSTILTON, THEA
245 _aMOUSEFORD ACADEMY DANCE CHALLENGE
260 _aNEWYORK
_bSCHOLASTIC
_c2010
300 _a112
520 _aThe Thea Sisters are thrilled about the new performing arts program being offered at Mouseford Academy. That is, until they meet the head of the department -- the demanding and strict Professor Ratyshnikov. The mouselets will have to audition just to get into her class!
650 _aCHILDRENS STORY BOOK
_zUNITED STATES
942 _cBK
999 _c7044
_d7044